000 00479 a2200169 4500
005 20170214144230.0
008 170214b xxu||||| |||| 00| 0 eng d
020 _a9789383064687
080 _a591.9(540)
_bTHA R
100 _aThapar, Valmik
245 _aWild fire
_bthe splendours of India's animal kingdom
260 _c2014
_aNew Delhi
_bAleph book company
300 _a487p.
653 _aAnimal kingdom - India - Wild animals
653 _aFauna - India
942 _cREF
999 _c85620
_d85619